The golden couple / (Record no. 376363)
[ view plain ]
| 000 -LEADER | |
|---|---|
| fixed length control field | 01751pam a2200313 i 4500 |
| 001 - CONTROL NUMBER | |
| control field | 3292553 |
| 005 - DATE AND TIME OF LATEST TRANSACTION | |
| control field | 20240515064508.0 |
| 008 - FIXED-LENGTH DATA ELEMENTS--GENERAL INFORMATION | |
| fixed length control field | 210915s2022 nyu 000 1 eng |
| 020 ## - INTERNATIONAL STANDARD BOOK NUMBER | |
| International Standard Book Number | 9781250273208 |
| 040 ## - CATALOGING SOURCE | |
| Original cataloging agency | DLC |
| Language of cataloging | eng |
| Description conventions | rda |
| Transcribing agency | DLC |
| Modifying agency | TnLvILS |
| 082 00 - DEWEY DECIMAL CLASSIFICATION NUMBER | |
| Classification number | F Hendricks |
| 092 ## - LOCALLY ASSIGNED DEWEY CALL NUMBER (OCLC) | |
| Classification number | F Hendricks |
| 100 1# - MAIN ENTRY--PERSONAL NAME | |
| Personal name | Hendricks, Greer, |
| Relator term | author. |
| 9 (RLIN) | 5810926 |
| 245 14 - TITLE STATEMENT | |
| Title | The golden couple / |
| Statement of responsibility, etc | Greer Hendricks and Sarah Pekkanen. |
| 250 ## - EDITION STATEMENT | |
| Edition statement | First edition. |
| 264 #1 - Production, Publication, Distribution, Manufacture, and Copyright Notice. | |
| Place of production, publication, distribution, manufacture | New York : |
| Name of producer, publisher, distributor, manufacturer | St. Martin's Press, |
| Date of production, publication, distribution, manufacture, or copyr | 2022. |
| 300 ## - PHYSICAL DESCRIPTION | |
| Extent | 329 pages ; |
| Dimensions | 24 cm |
| 336 ## - Content Type | |
| Content type term | text |
| 337 ## - Media type | |
| Media type term | unmediated |
| 338 ## - Carrier type | |
| Carrier type term | volume |
| 520 ## - SUMMARY, ETC. | |
| Summary, etc | "If Avery Chambers can't fix you in 10 sessions, she won't take you on as a client. Her successes are phenomenal--she helps people overcome everything from domineering parents to assault--and almost absorb the emptiness she sometimes feels since her husband's death. Marissa and Mathew Bishop seem like the golden couple--until Marissa cheats. She wants to repair things, both because she loves her husband and for the sake of their 8-year-old son. After a friend forwards an article about Avery, Marissa takes a chance on this maverick therapist, who [ultimately] lost her license due to controversial methods. When the Bishops glide through Avery's door and Marissa reveals her infidelity, all three are set on a collision course"-- |
| 650 #0 - SUBJECT ADDED ENTRY--TOPICAL TERM | |
| Topical term or geographic name as entry element | Couples therapy |
| Form subdivision | Fiction. |
| 9 (RLIN) | 6453081 |
| 650 #0 - SUBJECT ADDED ENTRY--TOPICAL TERM | |
| Topical term or geographic name as entry element | Man-woman relationships |
| Form subdivision | Fiction. |
| 9 (RLIN) | 5674079 |
| 650 #0 - SUBJECT ADDED ENTRY--TOPICAL TERM | |
| Topical term or geographic name as entry element | Adultery |
| Form subdivision | Fiction. |
| 9 (RLIN) | 5690922 |
| 650 #7 - SUBJECT ADDED ENTRY--TOPICAL TERM | |
| Topical term or geographic name as entry element | FICTION / Thrillers / Domestic. |
| Source of heading or term | bisacsh |
| 9 (RLIN) | 5804452 |
| 650 #7 - SUBJECT ADDED ENTRY--TOPICAL TERM | |
| Topical term or geographic name as entry element | FICTION / Women. |
| Source of heading or term | bisacsh |
| 9 (RLIN) | 5739043 |
| 700 1# - ADDED ENTRY--PERSONAL NAME | |
| Personal name | Pekkanen, Sarah, |
| Relator term | author. |
| 9 (RLIN) | 5810927 |
| 942 ## - ADDED ENTRY ELEMENTS (KOHA) | |
| Source of classification or shelving scheme | Dewey Decimal Classification |
| Koha item type | BOOK |
| Withdrawn status | Lost status | Source of classification or shelving scheme | Damaged status | Not for loan | Collection code | Home library | Current library | Shelving location | Date acquired | Source of acquisition | Total Checkouts | Total Renewals | Full call number | Barcode | Date last seen | Date checked out | Cost, replacement price | Price effective from | Koha item type |
|---|---|---|---|---|---|---|---|---|---|---|---|---|---|---|---|---|---|---|---|
| Dewey Decimal Classification | Fiction | Wasatch County Library | Wasatch County Library | First Floor | 04/17/2023 | Donation | 5 | 6 | F Hendricks | 34301001878828 | 02/19/2025 | 12/19/2024 | 17.99 | 04/17/2023 | BOOK |
